|
|
|
|
| LEADER |
01980nam a2200565 i 4500 |
| 001 |
nkc20162830898 |
| 003 |
CZ PrNK |
| 005 |
20170106130707.0 |
| 007 |
ta |
| 008 |
160902s2016 xr a b f 001 0 cze |
| 015 |
|
|
|a cnb002830898
|
| 020 |
|
|
|a 978-80-256-1854-7
|q (vázáno)
|
| 035 |
|
|
|a (OCoLC)972639059
|
| 040 |
|
|
|a BOA001
|b cze
|d ABA001
|e rda
|
| 041 |
1 |
|
|a cze
|h eng
|
| 072 |
|
7 |
|a 91
|x Geografie jako věda. Výzkum. Cestování
|2 Konspekt
|9 7
|
| 072 |
|
7 |
|a 0/9-053.2
|x Literatura pro děti a mládež (naučná)
|2 Konspekt
|9 26
|
| 080 |
|
|
|a 91
|2 MRF
|
| 080 |
|
|
|a 55
|2 MRF
|
| 080 |
|
|
|a (0.062)
|2 MRF
|
| 080 |
|
|
|a (0.053.2)
|2 MRF
|
| 100 |
1 |
|
|a Brooks, Felicity
|7 xx0017154
|4 aut
|
| 240 |
1 |
0 |
|a My first book about our world.
|l Česky
|
| 245 |
1 |
0 |
|a Moje první knížka.
|p Náš svět /
|c Felicity Brooks ; ilustrace Mar Ferrero
|
| 246 |
3 |
0 |
|a Náš svět
|
| 250 |
|
|
|a První české vydání
|
| 264 |
|
1 |
|a Praha :
|b Svojtka & Co.,
|c 2016
|
| 300 |
|
|
|a 32 stran :
|b barevné ilustrace ;
|c 30 cm
|
| 336 |
|
|
|a text
|b txt
|2 rdacontent
|
| 336 |
|
|
|a statický obraz
|b sti
|2 rdacontent
|
| 337 |
|
|
|a bez média
|b n
|2 rdamedia
|
| 338 |
|
|
|a svazek
|b nc
|2 rdacarrier
|
| 500 |
|
|
|a Z angličtiny přeložil Jaroslav Kučera
|
| 500 |
|
|
|a Terminologický slovník
|
| 500 |
|
|
|a Obsahuje rejstřík
|
| 650 |
0 |
7 |
|a geografie
|7 ph114618
|2 czenas
|
| 650 |
0 |
7 |
|a vědy o Zemi
|7 ph127381
|2 czenas
|
| 650 |
0 |
9 |
|a geography
|2 eczenas
|
| 650 |
0 |
9 |
|a Earth science
|2 eczenas
|
| 655 |
|
7 |
|a populárně-naučné publikace
|7 fd131864
|2 czenas
|
| 655 |
|
7 |
|a publikace pro děti
|7 fd133156
|2 czenas
|
| 655 |
|
9 |
|a popular works
|2 eczenas
|
| 655 |
|
9 |
|a children's literature
|2 eczenas
|
| 700 |
1 |
|
|a Ferrero, María del Mar
|7 xx0203726
|4 ill
|
| 700 |
1 |
|
|a Kučera, Jaroslav,
|d 1956-
|7 xx0069480
|4 trl
|
| 910 |
2 |
|
|a BOA001
|b 4-1380.021
|
| 990 |
|
|
|a BK
|
| 995 |
|
|
|a 01
|
| 991 |
|
|
|b 201612
|c NOV
|
| 996 |
6 |
|
|b 2610690776
|c 4-1380.021
|l MZK
|r Sklad / do 1 hodiny
|n 0
|p p.v.
|w 001592537
|u 000010
|a 1
|e BOA001
|j MZK50
|s P
|